[Event "NZL-ch op-B 130th"]
[Site "Wellington"]
[Date "2023.01.09"]
[Round "8"]
[White "Gong, Jie"]
[Black "Suggate, Romero"]
[Result "1-0"]
[WhiteElo "1632"]
[BlackElo "2049"]
[PlyCount "77"]
[EventDate "2023.01.02"]
[EventType "swiss"]
[EventRounds "9"]
[EventCountry "NZL"]
[SourceTitle "CBM 212 Extra"]
[Source "ChessBase"]
[SourceDate "2023.03.31"]
[SourceVersion "1"]
[SourceVersionDate "2023.03.31"]
[SourceQuality "1"]

1. d4 d5 2. Bf4 Nf6 3. e3 c5 4. dxc5 Nc6 5. Bb5 Bf5 6. Nf3 Qa5+ 7. Nc3 a6 8. Bxc6+ bxc6 9. Nd4 Bg4 10. f3 Bd7 11. Nb3 Qb4 12. a3 Qb7 13. 0-0 a5 14. Na4 e6 15. Qd4 Be7 16. Nb6 Ra6 17. Qc3 a4 18. Nd4 0-0 19. b4 axb3 20. Nxb3 Nh5 21. Nxd7 Qxd7 22. Bd6 Bxd6 23. cxd6 Qxd6 24. Nc5 Ra7 25. Rfb1 Rfa8 26. a4 Nf6 27. Rb6 Rc8 28. a5 Kf8 29. a6 Nd7 30. Rb7 Rxb7 31. axb7 Rb8 32. Ra8 Nxc5 33. Rxb8+ Qxb8 34. Qxc5+ Ke8 35. Qxc6+ Kd8 36. Qb6+ Kd7 37. g3 f6 38. e4 Qc7 39. Qb5+ 1-0

[Event "NZL-ch rapid op 130th"]
[Site "Wellington"]
[Date "2023.01.05"]
[Round "7"]
[White "Wang, Justin Zhide"]
[Black "Suggate, Romero"]
[Result "1/2-1/2"]
[WhiteElo "1526"]
[BlackElo "1782"]
[PlyCount "111"]
[EventDate "2023.01.04"]
[EventType "swiss (rapid)"]
[EventRounds "9"]
[EventCountry "NZL"]
[SourceTitle "CBM 212 Extra"]
[Source "ChessBase"]
[SourceDate "2023.03.31"]
[SourceVersion "1"]
[SourceVersionDate "2023.03.31"]
[SourceQuality "1"]

1. e4 c5 2. Nc3 Nc6 3. Bb5 a6 4. Bxc6 bxc6 5. f4 e6 6. Nf3 d5 7. d3 Be7 8. 0-0 Rb8 9. Ne2 Bf6 10. e5 Be7 11. c4 Nh6 12. b3 Nf5 13. Ng3 g6 14. Nxf5 gxf5 15. Ng5 Bxg5 16. fxg5 0-0 17. Bf4 Kh8 18. Rf3 Rg8 19. Rh3 Rg6 20. Be3 Rb7 21. Qh5 Qg8 22. Rg3 Qg7 23. Bf4 a5 24. Rc1 d4 25. h4 Qf8 26. Qf3 Bd7 27. h5 Rg8 28. g6 fxg6 29. hxg6 Rxg6 30. Rxg6 hxg6 31. Qh3+ Kg8 32. Qh4 Qg7 33. Bh6 Qh8 34. Kf2 Be8 35. Rh1 Rh7 36. Qf4 Kf7 37. g4 Ke7 38. g5 Bd7 39. Re1 Qb8 40. Qd2 Qb4 41. Qxb4 cxb4 42. a3 c5 43. axb4 axb4 44. Ra1 Rh8 45. Ra7 Rc8 46. Bg7 Ke8 47. Bf6 Rc6 48. Ra5 Rc8 49. Bg7 Rc7 50. Bh8 Bc8 51. Ra8 Kd7 52. Bg7 Ke8 53. Bh6 Kf7 54. Ra5 Bd7 55. Ra8 Rc8 56. Ra7 1/2-1/2

[Event "South Island-ch"]
[Site "Invercargill"]
[Date "2022.10.07"]
[Round "5"]
[White "Suggate, Romero"]
[Black "Rains, Edward"]
[Result "0-1"]
[WhiteElo "1729"]
[BlackElo "1993"]
[PlyCount "74"]
[EventDate "2022.10.05"]
[EventType "swiss"]
[EventRounds "8"]
[EventCountry "NZL"]
[SourceTitle "EXT 2024"]
[Source "ChessBase"]
[SourceDate "2023.10.10"]
[SourceVersion "1"]
[SourceVersionDate "2023.10.10"]
[SourceQuality "1"]

1. e4 c5 2. Nc3 e6 3. Nge2 Nc6 4. d4 cxd4 5. Nxd4 Qc7 6. a3 a6 7. Be3 Nf6 8. Be2 h5 9. h3 b5 10. Bf3 Ne5 11. Be2 Bb7 12. f3 Nc4 13. Bxc4 Qxc4 14. Qe2 Qc7 15. 0-0 h4 16. Rfd1 Nh5 17. Qd3 Bc5 18. Rac1 Rd8 19. Nce2 d5 20. exd5 Bxd5 21. b3 0-0 22. c4 bxc4 23. bxc4 Ba8 24. Qc3 Ba7 25. c5 Bd5 26. Bg5 Rc8 27. Bxh4 Nf4 28. Nxf4 Qxf4 29. Be7 Rfe8 30. Bd6 Qf6 31. Qd3 Red8 32. Qxa6 Ra8 33. Qd3 Rxd6 34. cxd6 e5 35. Qb5 Qxd6 36. Rc7 Qxc7 37. Qxd5 Rd8 0-1

[Event "South Island-ch"]
[Site "Invercargill"]
[Date "2022.10.06"]
[Round "4"]
[White "Membrere, Briene"]
[Black "Suggate, Romero"]
[Result "0-1"]
[WhiteElo "1807"]
[BlackElo "1729"]
[PlyCount "76"]
[EventDate "2022.10.05"]
[EventType "swiss"]
[EventRounds "8"]
[EventCountry "NZL"]
[SourceTitle "EXT 2024"]
[Source "ChessBase"]
[SourceDate "2023.10.10"]
[SourceVersion "1"]
[SourceVersionDate "2023.10.10"]
[SourceQuality "1"]

1. e4 c6 2. d4 d5 3. exd5 cxd5 4. Bd3 Nc6 5. c3 Nf6 6. h3 e6 7. Bf4 Bd6 8. Bxd6 Qxd6 9. Nf3 Bd7 10. 0-0 0-0 11. Na3 a6 12. Re1 Rfc8 13. Nc2 b5 14. Ne5 Na5 15. Qf3 Nc4 16. Rab1 Nd2 17. Qg3 Nxb1 18. Rxb1 a5 19. a3 Rab8 20. Re1 Bc6 21. Re3 Ne4 22. Qh4 f5 23. Bxe4 dxe4 24. Rg3 Rb7 25. Qg5 Bd5 26. h4 Qe7 27. Qf4 Bb3 28. Na1 Ba4 29. h5 b4 30. axb4 axb4 31. c4 Qd6 32. Qh6 Re8 33. Qe3 f4 34. Qxf4 Qxd4 35. h6 Rf8 36. Qg5 Rf5 37. Qh4 Rxe5 38. Qf6 Qd1+ 0-1

[Event "NZL-ch Rapid 129th"]
[Site "Christchurch"]
[Date "2022.01.12"]
[Round "9"]
[White "Suggate, Romero"]
[Black "McDougall, Wayne"]
[Result "1-0"]
[WhiteElo "1794"]
[BlackElo "1425"]
[PlyCount "97"]
[EventDate "2022.01.11"]
[EventType "swiss (rapid)"]
[EventRounds "9"]
[EventCountry "NZL"]
[SourceTitle "CBM 206 Extra"]
[Source "ChessBase"]
[SourceDate "2022.03.31"]
[SourceVersion "1"]
[SourceVersionDate "2022.03.31"]
[SourceQuality "1"]

1. e4 e5 2. Nf3 Nc6 3. Bb5 d6 4. d4 exd4 5. Nxd4 Bd7 6. Nc3 Nxd4 7. Bxd7+ Qxd7 8. Qxd4 Nf6 9. 0-0 Be7 10. h3 0-0 11. a4 a6 12. Rd1 Qe6 13. Be3 Rfe8 14. f3 Qe5 15. Qc4 c5 16. b3 b6 17. Rd3 Red8 18. Rad1 Ne8 19. Nd5 Rdb8 20. Bf4 Qe6 21. Nxe7+ Qxe7 22. Bxd6 Nxd6 23. Rxd6 h6 24. Rd7 Qf6 25. Qd5 Rf8 26. Qb7 Rad8 27. Qxa6 Rxd7 28. Rxd7 Qa1+ 29. Kf2 Qc3 30. Qd3 Qb4 31. Qd2 Qa3 32. Rd8 Rxd8 33. Qxd8+ Kh7 34. Qxb6 c4 35. Qb5 c3 36. Qf5+ Kg8 37. Qc8+ Kh7 38. Qxc3 Qd6 39. b4 Qb6+ 40. Qc5 Qd8 41. b5 Qd2+ 42. Kg1 Qc1+ 43. Kf2 Qd2+ 44. Kg3 Qe1+ 45. Kh2 Qd2 46. Qf5+ Kg8 47. Qc8+ Kh7 48. Qc7 Kg6 49. b6 1-0

[Event "NZL-ch Major op"]
[Site "Christchurch"]
[Date "2022.01.08"]
[Round "7"]
[White "Barnett Harris, Lucas"]
[Black "Suggate, Romero"]
[Result "1/2-1/2"]
[WhiteElo "1543"]
[BlackElo "1794"]
[PlyCount "75"]
[EventDate "2022.01.02"]
[EventType "swiss"]
[EventRounds "9"]
[EventCountry "NZL"]
[SourceTitle "EXT 2024"]
[Source "ChessBase"]
[SourceDate "2023.10.10"]
[SourceVersion "1"]
[SourceVersionDate "2023.10.10"]
[SourceQuality "1"]

1. d4 Nf6 2. c4 g6 3. Nc3 Bg7 4. e4 d6 5. Nf3 0-0 6. Be2 e5 7. d5 Na6 8. Qc2 Nb4 9. Qd1 a5 10. 0-0 Nd7 11. Ne1 f5 12. f3 f4 13. g3 h5 14. Ng2 g5 15. Bd2 Rf7 16. a3 Na6 17. Na2 Nf8 18. b4 Ng6 19. Nc1 fxg3 20. hxg3 h4 21. g4 Nf4 22. Nd3 Qf6 23. Bc3 Nxd3 24. Bxd3 Nb8 25. Bd2 Bf8 26. Qc1 Be7 27. Be3 Nd7 28. Be2 Nf8 29. Ne1 Ng6 30. Nd3 Nf4 31. Qd2 Qh8 32. Kh2 Nxe2 33. Qxe2 Bd7 34. Nf2 Kh7 35. Nh3 Kg6 36. b5 b6 37. a4 Raf8 38. Rf2 1/2-1/2

[Event "NZL-ch U18 op"]
[Site "Christchurch"]
[Date "2022.01.06"]
[Round "4"]
[White "Liu, William Rui"]
[Black "Suggate, Romero"]
[Result "1/2-1/2"]
[WhiteElo "1398"]
[BlackElo "1794"]
[PlyCount "63"]
[EventDate "2022.01.03"]
[EventType "swiss"]
[EventRounds "7"]
[EventCountry "NZL"]
[SourceTitle "EXT 2024"]
[Source "ChessBase"]
[SourceDate "2023.10.10"]
[SourceVersion "1"]
[SourceVersionDate "2023.10.10"]
[SourceQuality "1"]

1. e4 c6 2. d4 d5 3. exd5 cxd5 4. Bd3 Nc6 5. c3 Nf6 6. Bf4 Bg4 7. Qb3 Qd7 8. Nd2 e6 9. Ngf3 Be7 10. h3 Bh5 11. Ne5 Qc8 12. Nxc6 bxc6 13. 0-0 0-0 14. Rac1 Qd7 15. Qc2 c5 16. dxc5 Bxc5 17. Be5 Bg6 18. Nf3 Bxd3 19. Qxd3 Ne4 20. Nd2 Nxd2 21. Qxd2 f6 22. Bg3 a5 23. Rfe1 e5 24. Rcd1 Rfd8 25. Qe2 Rab8 26. Qc2 Qc6 27. Re2 Qb6 28. Red2 d4 29. cxd4 Bxd4 30. Qc4+ Kf8 31. Rxd4 exd4 32. Bxb8 1/2-1/2

[Event "NZL-ch U18 op"]
[Site "Christchurch"]
[Date "2022.01.04"]
[Round "2"]
[White "Dharmasena, Kian"]
[Black "Suggate, Romero"]
[Result "1/2-1/2"]
[WhiteElo "1581"]
[BlackElo "1794"]
[PlyCount "41"]
[EventDate "2022.01.03"]
[EventType "swiss"]
[EventRounds "7"]
[EventCountry "NZL"]
[SourceTitle "EXT 2024"]
[Source "ChessBase"]
[SourceDate "2023.10.10"]
[SourceVersion "1"]
[SourceVersionDate "2023.10.10"]
[SourceQuality "1"]

1. e4 c6 2. d4 d5 3. exd5 cxd5 4. c4 Nf6 5. Nc3 Bg4 6. Be2 Bxe2 7. Ngxe2 e6 8. cxd5 Nxd5 9. 0-0 Be7 10. Nf4 Nxf4 11. Bxf4 0-0 12. d5 exd5 13. Nxd5 Bd6 14. Re1 Bxf4 15. Nxf4 Nc6 16. Qxd8 Rfxd8 17. Rad1 f5 18. h4 Kf7 19. Rd3 Rxd3 20. Nxd3 Re8 21. Kf1 1/2-1/2

[Event "NZL-ch U18 op"]
[Site "Christchurch"]
[Date "2022.01.03"]
[Round "1"]
[White "Suggate, Romero"]
[Black "Yu, Weiyang"]
[Result "1-0"]
[WhiteElo "1794"]
[BlackElo "1214"]
[PlyCount "47"]
[EventDate "2022.01.03"]
[EventType "swiss"]
[EventRounds "7"]
[EventCountry "NZL"]
[SourceTitle "EXT 2024"]
[Source "ChessBase"]
[SourceDate "2023.10.10"]
[SourceVersion "1"]
[SourceVersionDate "2023.10.10"]
[SourceQuality "1"]

1. e4 c6 2. d4 d5 3. exd5 cxd5 4. Bd3 Nf6 5. Bf4 Nc6 6. c3 Bg4 7. Qb3 Na5 8. Qa4+ Nc6 9. Nd2 a6 10. Ngf3 Bd7 11. Qd1 e6 12. 0-0 Nh5 13. Be3 Bd6 14. Ne5 Nf6 15. f4 h5 16. h3 Qc7 17. Qe1 Ke7 18. Qg3 Rag8 19. Ndf3 Bxe5 20. fxe5 Ne4 21. Qh4+ Kf8 22. Bxe4 dxe4 23. Ng5 Be8 24. Nxe6# 1-0